Welcome to CU Library Online Public Access Catalogue (OPAC)

The global citizen's handbook : (Record no. 4046)

MARC details
000 -LEADER
fixed length control field 01290cem a22003374a 4500
001 - CONTROL NUMBER
control field 14715818
005 - DATE AND TIME OF LATEST TRANSACTION
control field 20250221131316.0
007 - PHYSICAL DESCRIPTION FIXED FIELD--GENERAL INFORMATION
fixed length control field ad canzn
008 - FIXED-LENGTH DATA ELEMENTS--GENERAL INFORMATION
fixed length control field 070129s2007 nyu e i 1 eng
020 ## - INTERNATIONAL STANDARD BOOK NUMBER
International Standard Book Number 9780061243424
020 ## - INTERNATIONAL STANDARD BOOK NUMBER
International Standard Book Number 0061243426
050 00 - LIBRARY OF CONGRESS CALL NUMBER
Classification number G1046.G1
Item number W53 2007
082 00 - DEWEY DECIMAL CLASSIFICATION NUMBER
Classification number 338.90022/3
Edition information 22
110 2# - MAIN ENTRY--CORPORATE NAME
Corporate name or jurisdiction name as entry element World Bank.
245 14 - TITLE STATEMENT
Title The global citizen's handbook :
Remainder of title facing our world's crises and challenges.
250 ## - EDITION STATEMENT
Edition statement 1st U.S. ed.
260 ## - PUBLICATION, DISTRIBUTION, ETC.
Place of publication, distribution, etc. New York :
Name of publisher, distributor, etc. Collins ;
Place of publication, distribution, etc. Washington, D.C. :
Name of publisher, distributor, etc. World Bank,
Date of publication, distribution, etc. 2007.
300 ## - PHYSICAL DESCRIPTION
Extent 1 atlas (144 p.) :
Other physical details col. ill., col. maps ;
Dimensions 25 cm.
500 ## - GENERAL NOTE
General note An English language successor to the World Bank atlas. c2004.
500 ## - GENERAL NOTE
General note "Text [copyright] The International Bank for Reconstruction and Development/The World Bank, 2007"--T.p. verso.
650 #0 - SUBJECT ADDED ENTRY--TOPICAL TERM
Topical term or geographic name entry element Gross national product
Form subdivision Maps.
650 #0 - SUBJECT ADDED ENTRY--TOPICAL TERM
Topical term or geographic name entry element Population
Form subdivision Maps.
650 #0 - SUBJECT ADDED ENTRY--TOPICAL TERM
Topical term or geographic name entry element Economic indicators
Form subdivision Maps.
650 #0 - SUBJECT ADDED ENTRY--TOPICAL TERM
Topical term or geographic name entry element Social indicators
Form subdivision Maps.
650 #0 - SUBJECT ADDED ENTRY--TOPICAL TERM
Topical term or geographic name entry element Environmental indicators
Form subdivision Maps.
650 #0 - SUBJECT ADDED ENTRY--TOPICAL TERM
Topical term or geographic name entry element Economic development
Form subdivision Statistics.
710 2# - ADDED ENTRY--CORPORATE NAME
Corporate name or jurisdiction name as entry element HarperCollins (Firm)
710 2# - ADDED ENTRY--CORPORATE NAME
Corporate name or jurisdiction name as entry element World Bank.
Title of a work World bank atlas.
856 42 - ELECTRONIC LOCATION AND ACCESS
Materials specified Publisher description
Uniform Resource Identifier <a href="http://www.loc.gov/catdir/enhancements/fy0911/2007061602-d.html">http://www.loc.gov/catdir/enhancements/fy0911/2007061602-d.html</a>
942 ## - ADDED ENTRY ELEMENTS (KOHA)
Source of classification or shelving scheme Library of Congress Classification
Koha item type Books
Edition 1st U.S ed.
Suppress in OPAC No
999 ## -
-- 4046
-- 4046
Holdings
Withdrawn status Lost status Source of classification or shelving scheme Damaged status Not for loan Collection Home library Current library Shelving location Date acquired Total checkouts Full call number Barcode Date last seen Copy number Price effective from Koha item type
    Library of Congress Classification     Non-fiction Business Library (Miotso) Business Library (Miotso) General stacks 02/21/2025   G1046.G1 W53 2007 bssm00000884 02/21/2025 1 02/21/2025 Books
© 2023-2024 Copyright: Central University Libraries. All Rights Reserved | Created by: Mahone Tech Office